000 00502cam a2200193ua 4500
001 3870
008 111207n ii |||gr||||Z||||||asm
020 _a81-85916-78-0
040 _cMAIN
082 _a891.4511
100 1 _aRoy, Nilmohan,
245 1 1 _aAdhunik asomiya kabita :
_bbichar aru bisleson /
_cby Nilmohan Roy
250 _a1st.
260 _aGuwahati:
_bK. M. Publishing,
_c2003.
300 _a175p:
_c23cm.
653 _aAssamese poem
653 _aAdhunik asomiya kabita
942 _cBK
999 _c3693
_d3693